[Event "24th Panam-ch"]
[Site "Natal BRA"]
[Date "2014.10.26"]
[Round "11"]
[White "Macedo, Alexandre Soares de"]
[Black "Beckerman, Marcelo"]
[Result "0-1"]
[WhiteElo "1854"]
[BlackElo "2019"]
[EventDate "2014.10.18"]
[PlyCount "64"]

1.Nf3 f5 2.g3 Nf6 3.Bg2 e6 4.O-O d5 5.d4 Bd6 6.c4 c6 7.Nbd2 Nbd7 8.b3 O-O 
9.Bb2 Ne4 10.Ne5 Ndf6 11.f3 Ng5 12.Re1 Qe8 13.e4 fxe4 14.fxe4 Bb4 15.exd5 
cxd5 16.Nd3 Bxd2 17.Qxd2 Nfe4 18.Qe3 Qh5 19.Nf4 Qg4 20.cxd5 exd5 21.Nxd5 
Rf3 22.Qe2 Bd7 23.Nf4 Rxf4 24.Qxg4 Rxg4 25.h4 Nf7 26.Kh2 Bc6 27.Rad1 Bd5 
28.Rc1 b6 29.Bf3 h5 30.Bxg4 hxg4 31.Rc7 a5 32.Rd7 Bc6 {resto ileg vel} 0-1

[Event "24th Panam-ch"]
[Site "Natal BRA"]
[Date "2014.10.26"]
[Round "11"]
[White "Albuquerque, Rafael Anderson"]
[Black "Cortes Arias, Mariela"]
[Result "0-1"]
[WhiteElo "1981"]
[BlackElo "1858"]
[EventDate "2014.10.18"]
[PlyCount "54"]

1.e4 c5 2.Nf3 Nf6 3.e5 Nd5 4.Nc3 e6 5.Nxd5 exd5 6.d4 Nc6 7.Be3 d6 8.exd6 
Bxd6 9.dxc5 Qa5+ 10.c3 Be7 11.Qxd5 Be6 12.Qe4 O-O 13.Bc4 Bxc5 14.Ng5 g6 
15.Qh4 h5 16.Bxe6 Bxe3 17.fxe3 fxe6 18.Nxe6 Qe5 19.Qh3 Rfe8 20.Nf4 Qxf4 
21.O-O-O Qxe3+ 22.Qxe3 Rxe3 23.Rd6 Kg7 24.Rf1 Rae8 25.Rff6 Re1+ 26.Kc2 
R1e2+ 27.Kb3 Rxg2 0-1

[Event "24th Panam-ch"]
[Site "Natal BRA"]
[Date "2014.10.26"]
[Round "11"]
[White "Rapouso, Ricardo Luis Borba"]
[Black "Meneghetti, Alexandre"]
[Result "1/2-1/2"]
[WhiteElo "1934"]
[BlackElo "1708"]
[EventDate "2014.10.18"]
[PlyCount "134"]

1.d4 Nf6 2.c4 e6 3.Nf3 Bb4+ 4.Bd2 Qe7 5.a3 Bxd2+ 6.Qxd2 d6 7.e3 c5 8.Nc3 
Nc6 9.Be2 a6 10.O-O O-O 11.Rfe1 b6 12.Rad1 Rd8 13.d5 exd5 14.Nxd5 Nxd5 15.
cxd5 Ne5 16.e4 Nxf3+ 17.Bxf3 f6 18.Re3 Ra7 19.Rde1 Qf8 20.Bd1 Re7 21.Bc2 
g6 22.f4 Qh6 23.Qf2 Rf8 24.h3 Bb7 25.R3e2 Kh8 26.Qf3 b5 27.Qf2 a5 28.Qg3 
Rfe8 29.Bd1 a4 30.b4 axb3 31.Bxb3 Qg7 32.Bd1 f5 33.e5 Bxd5 34.Rd2 Qf7 35.
Qd3 Bc6 36.Qxd6 Rd7 37.Qxc6 Rxd2 38.e6 Qe7 39.Qxb5 Qd8 40.Ba4 Qd4+ 41.Kh2 
Qxf4+ 42.Kh1 Re7 43.Qxc5 Qd6 44.Qe3 f4 45.Qe4 Qd5 46.Bc6 Qxe4 47.Rxe4 Rd3 
48.a4 Re3 49.Rxf4 R7xe6 50.Bb5 R6e5 51.Rf2 Rb3 52.Bd7 Re7 53.Rd2 Rb8 54.
Bb5 Re5 55.Rb2 Re4 56.Rb3 Ra8 57.Ra3 Rb4 58.Bc6 Ra6 59.Bd7 Ra7 60.Bc8 Ra8 
61.Bd7 Ra7 62.Bc6 Ra6 63.Bd7 Ra7 64.Rd3 Raxa4 65.Bxa4 Rxa4 66.Rd7 Ra3 67.
Kh2 Kg8 1/2-1/2

[Event "24th Panam-ch"]
[Site "Natal BRA"]
[Date "2014.10.26"]
[Round "11"]
[White "Araujo, Jose Roberto"]
[Black "Camara, Jose Arruda"]
[Result "1/2-1/2"]
[WhiteElo "2205"]
[BlackElo "1905"]
[EventDate "2014.10.18"]
[PlyCount "92"]

1.d4 d5 2.c4 c6 3.Nc3 Nf6 4.e3 g6 5.Nf3 Bg7 6.Bd3 O-O 7.O-O Nbd7 8.b3 dxc4
9.Bxc4 Nb6 10.Bd3 Nbd5 11.Bb2 Nxc3 12.Bxc3 Nd5 13.Bb2 Bg4 14.Rc1 Rc8 15.h3
Bxf3 16.Qxf3 Qa5 17.a3 Qd2 18.Bc2 e6 19.Rfd1 Qa5 20.Be4 Qb6 21.Bc2 f5 22.
e4 fxe4 23.Qxe4 Nf4 24.h4 Qb5 25.Re1 Rce8 26.Kh2 Qh5 27.g3 Nd5 28.f4 Nxf4 
29.Bd1 Qh6 30.Rc2 Nd5 31.Bc1 g5 32.Bxg5 Qg6 33.Qxg6 hxg6 34.Bg4 Bxd4 35.
Rxe6 Kg7 36.Rxe8 Rxe8 37.Re2 Rxe2+ 38.Bxe2 Bb2 39.a4 Bf6 40.Bd2 Bd4 41.Kg2
Ne3+ 42.Kf3 Nf5 43.Bf4 Bf6 44.Kg4 b5 45.axb5 cxb5 46.Bxb5 a5 1/2-1/2

[Event "24th Panam-ch"]
[Site "Natal BRA"]
[Date "2014.10.26"]
[Round "11"]
[White "Gomes, Marco Tulio Caldeira"]
[Black "Souza, Marcos Valerio"]
[Result "0-1"]
[WhiteElo "1880"]
[BlackElo "2117"]
[EventDate "2014.10.18"]
[PlyCount "102"]

1.e4 e6 2.d4 d5 3.Nd2 h6 4.Bd3 Nf6 5.e5 Nfd7 6.Ne2 c5 7.c3 Nc6 8.Nf3 Be7 
9.O-O g5 10.h3 h5 11.Nh2 Qb6 12.Bc2 Rg8 13.Qd3 Nf8 14.Rd1 cxd4 15.cxd4 Nb4
16.Ba4+ Nc6 17.Bd2 Bd7 18.Bc2 Ng6 19.a3 a5 20.Kh1 Rc8 21.Bc3 Na7 22.a4 Nc6
23.Rac1 Nb4 24.Bxb4 Qxb4 25.Qb3 Kf8 26.Qxb4 axb4 27.Bb3 Kg7 28.g3 Bc6 29.
Kg2 f6 30.exf6+ Bxf6 31.Kg1 Rgf8 32.Rd2 Kh6 33.Rdc2 Ra8 34.Ra1 Ra5 35.Rac1
e5 36.dxe5 Bxe5 37.Rc5 Rxc5 38.Rxc5 Bxb2 39.Bxd5 Rf5 40.Rc2 Rxd5 41.Rxb2 
Rd1+ 42.Nf1 Bf3 43.h4 g4 44.Nf4 Nxf4 45.gxf4 Kg6 46.a5 Kf5 47.Rxb4 Be2 48.
Rxb7 Rxf1+ 49.Kg2 Bf3+ 50.Kxf1 Bxb7 51.Kg1 Kxf4 0-1

[Event "24th Panam-ch"]
[Site "Natal BRA"]
[Date "2014.10.26"]
[Round "11"]
[White "Ramos, Angelo Bil"]
[Black "Farias, Edilsom"]
[Result "0-1"]
[WhiteElo "2093"]
[BlackElo "1874"]
[EventDate "2014.10.18"]
[PlyCount "112"]

1.d4 Nf6 2.c4 e6 3.Nc3 Bb4 4.e3 b6 5.Ne2 Bb7 6.a3 Be7 7.Ng3 d5 8.cxd5 Nxd5
9.Bb5+ c6 10.Bd3 Nxc3 11.bxc3 c5 12.O-O Nd7 13.e4 O-O 14.Bb2 Re8 15.e5 Bf8
16.f4 g6 17.f5 exf5 18.Nxf5 Qg5 19.Ng3 cxd4 20.cxd4 Bd5 21.Bc1 Qd8 22.Qg4 
Kh8 23.Bb5 Be6 24.Qf4 Bg7 25.Bb2 Rc8 26.Rf2 Rf8 27.Ne4 Nb8 28.Nd6 Rc7 29.
d5 Bxd5 30.Rd1 Be6 31.Qf3 Qe7 32.Bd4 Nd7 33.Qe3 Kg8 34.Bd3 Nc5 35.Bc2 Nb7 
36.Nb5 Rd7 37.Nxa7 Nc5 38.Nc6 Qh4 39.g3 Qh3 40.Rdf1 Bh6 41.Qe1 Bd5 42.Nb4 
Bc4 43.Bxc5 bxc5 44.e6 Qxe6 45.Qxe6 Bxe6 46.Nd3 Be3 47.Re1 Bxf2+ 48.Nxf2 
Rd2 49.Rc1 Rb8 50.Ne4 Re2 51.Bd3 Ra2 52.Rc3 Rbb2 53.Rc1 Rg2+ 54.Kf1 Rxh2 
55.Kg1 Rag2+ 56.Kf1 Bh3 0-1

[Event "24th Panam-ch"]
[Site "Natal BRA"]
[Date "2014.10.26"]
[Round "11"]
[White "Xavier, Lucca Lucas"]
[Black "Gomes, Jose Murilo"]
[Result "1/2-1/2"]
[WhiteElo "2039"]
[BlackElo "1864"]
[EventDate "2014.10.18"]
[PlyCount "58"]

1.e4 c5 2.Nf3 d6 3.Bc4 Nc6 4.Nc3 Nf6 5.d4 cxd4 6.Nxd4 e6 7.O-O Be7 8.Be3 
O-O 9.a3 a6 10.Be2 d5 11.Bf3 Ne5 12.exd5 Nxf3+ 13.Qxf3 Nxd5 14.Nxd5 Qxd5 
15.Qxd5 exd5 16.Rad1 Bf6 17.c3 Bd7 18.Nf3 Bc6 19.Bd4 Bxd4 20.Nxd4 Rfe8 21.
Rfe1 Rxe1+ 22.Rxe1 Re8 23.Kf1 Kf8 24.Nxc6 bxc6 25.Rxe8+ Kxe8 26.Ke2 Kd7 
27.Kd3 Kd6 28.c4 a5 29.b4 axb4 1/2-1/2

[Event "24th Panam-ch"]
[Site "Natal BRA"]
[Date "2014.10.26"]
[Round "11"]
[White "Rodrigues, Nei Jorge"]
[Black "Serafim Junior, Arnor"]
[Result "1-0"]
[WhiteElo "2033"]
[BlackElo "1811"]
[EventDate "2014.10.18"]
[PlyCount "59"]

1.d4 Nf6 2.c4 g6 3.Nc3 Bg7 4.e4 d6 5.f3 O-O 6.Be3 Nbd7 7.Bd3 c5 8.Nge2 Nh5
9.g4 cxd4 10.Nxd4 Nhf6 11.Qd2 Ne5 12.Be2 Nc6 13.Nc2 Qa5 14.h4 h5 15.gxh5 
Nxh5 16.Rg1 Kh7 17.f4 f5 18.Bxh5 gxh5 19.Qg2 Rf7 20.O-O-O fxe4 21.Rd5 Qc7 
22.Qg6+ Kg8 23.Rxh5 e6 24.Nxe4 Ne7 25.Rh8+ Kxh8 26.Qxf7 Nd5 27.Qe8+ Kh7 
28.cxd5 exd5 29.Qh5+ Kg8 30.Nf6+ 1-0

[Event "24th Panam-ch"]
[Site "Natal BRA"]
[Date "2014.10.26"]
[Round "11"]
[White "Silva, Carolina Alves"]
[Black "Chaves, Jorge Antonio Torres"]
[Result "1/2-1/2"]
[WhiteElo "1791"]
[BlackElo "2006"]
[EventDate "2014.10.18"]
[PlyCount "95"]

1.e4 c5 2.Nf3 Nc6 3.d4 cxd4 4.Nxd4 Nf6 5.Nc3 d6 6.Be2 Bd7 7.O-O a6 8.a4 e6
9.Be3 Be7 10.f3 Qc7 11.Nxc6 Bxc6 12.a5 Nd7 13.f4 O-O 14.Qe1 Bf6 15.Ra3 
Rac8 16.Bd3 g6 17.Qg3 Bg7 18.f5 Nf6 19.Qh3 Rfe8 20.Kh1 d5 21.Bb6 Qe5 22.
exd5 exd5 23.Qh4 Ne4 24.Ne2 g5 25.Qh5 f6 26.Bd4 Qe7 27.Bxe4 dxe4 28.Rh3 
Bh8 29.Nf4 Rc7 30.Ne6 Rd7 31.c3 Bd5 32.Nxg5 fxg5 33.f6 Qf7 34.Qxg5+ Bg7 
35.Qxg7+ Qxg7 36.fxg7 Rf7 37.Rxf7 Bxf7 38.Kg1 Bc4 39.Rh6 Bd5 40.Rh5 Bc6 
41.Kf2 e3+ 42.Bxe3 Kxg7 43.Bd4+ Kg6 44.Re5 Rf8+ 45.Kg3 Rf7 46.Re6+ Kf5 47.
Re5+ Kg6 48.Re6+ 1/2-1/2

[Event "24th Panam-ch"]
[Site "Natal BRA"]
[Date "2014.10.26"]
[Round "11"]
[White "Reis, Virginia Lagrange Moutinho dos"]
[Black "Moura, Paulo Jorge Alves Bezerra de"]
[Result "1/2-1/2"]
[WhiteElo "1852"]
[BlackElo "2000"]
[EventDate "2014.10.18"]
[PlyCount "57"]

1.e4 c6 2.d4 d5 3.Nd2 dxe4 4.Nxe4 Bf5 5.Ng3 Bg6 6.Nf3 e6 7.Ne5 Bd6 8.Nxg6 
hxg6 9.Be3 Nf6 10.Bc4 Qb6 11.O-O Qc7 12.Qf3 Nbd7 13.Bb3 Nh5 14.c4 Nxg3 15.
fxg3 Nf6 16.Bf4 O-O-O 17.Bxd6 Qxd6 18.Rad1 Rh5 19.Qf4 Qe7 20.Rfe1 g5 21.
Qf3 g4 22.Qf4 Rdh8 23.Qe3 Rxh2 24.d5 Rh1+ 25.Kf2 Rxe1 26.Rxe1 Re8 27.Qxa7 
Qd6 28.c5 Qb8 29.Qxb8+ 1/2-1/2

[Event "24th Panam-ch"]
[Site "Natal BRA"]
[Date "2014.10.26"]
[Round "11"]
[White "Ribeiro, Allysson"]
[Black "Ribeiro, Jose Joselito"]
[Result "0-1"]
[WhiteElo "1926"]
[BlackElo "1733"]
[EventDate "2014.10.18"]
[PlyCount "106"]

1.d4 Nf6 2.c4 g6 3.Nc3 d5 4.cxd5 Nxd5 5.e4 Nxc3 6.bxc3 c5 7.Be3 Bg7 8.Nf3 
O-O 9.Qd2 Qa5 10.Rc1 Nc6 11.d5 Rd8 12.Bd3 Bg4 13.c4 Nb4 14.Ke2 Qc7 15.a3 
Nxd3 16.Qxd3 b6 17.h3 Bd7 18.Nd2 f5 19.f3 Rf8 20.exf5 Bxf5 21.Ne4 Rad8 22.
g4 Bc8 23.h4 e6 24.d6 Qc6 25.Bg5 Rd7 26.Be7 Rf7 27.Qe3 Bb7 28.Ng5 Bh6 29.
Rcf1 Qa4 30.Rh3 Qxc4+ 31.Ke1 Qa2 32.Qxe6 Qxe6+ 33.Nxe6 Rfxe7 34.dxe7 Rxe7 
35.f4 Rxe6+ 36.Kd1 Bg7 37.Rd3 Bd4 38.f5 Rf6 39.Rf4 gxf5 40.gxf5 Kf7 41.h5 
Bc8 42.Rdf3 Rd6 43.Kc2 Kf6 44.h6 Be5 45.Rg4 Bxf5+ 46.Kc1 Ke6 47.Rg8 Bg6 
48.Re3 Rd4 49.Ra8 Kd5 50.Rh3 Kc4 51.Rxa7 Bf4+ 52.Kb2 Rd2+ 53.Kc1 Rd3+ 0-1

[Event "24th Panam-ch"]
[Site "Natal BRA"]
[Date "2014.10.26"]
[Round "11"]
[White "Dantas, Rhuan de Araujo"]
[Black "Lunelli, Neuri Antonio"]
[Result "1-0"]
[WhiteElo "1719"]
[BlackElo "1887"]
[EventDate "2014.10.18"]
[PlyCount "83"]

1.e4 c6 2.d4 d5 3.Nc3 dxe4 4.Nxe4 Nd7 5.Nf3 Ngf6 6.Ng3 e6 7.Be2 Be7 8.O-O 
c5 9.c3 cxd4 10.Nxd4 O-O 11.Qc2 a6 12.Be3 Qc7 13.Bf3 Ne5 14.Be2 b6 15.Nf3 
Nxf3+ 16.Bxf3 Bb7 17.Bxb7 Qxb7 18.Qb3 Rab8 19.Rad1 b5 20.Bf4 Rbc8 21.Rfe1 
Rc4 22.Bg5 Ng4 23.Bxe7 Qxe7 24.h3 Nf6 25.Nf5 Qc5 26.Ne3 Rf4 27.Qc2 Ne4 28.
Rd4 f5 29.f3 e5 30.Rd5 Qb6 31.fxe4 Rxe4 32.Qf2 f4 33.Nc2 Rxe1+ 34.Nxe1 Qf6
35.Qe2 Re8 36.Qe4 Qb6+ 37.Kh1 Qf2 38.Rxe5 Rf8 39.Re8 Qf1+ 40.Kh2 Qc4 41.
Qxc4+ bxc4 42.Rxf8+ 1-0

[Event "24th Panam-ch"]
[Site "Natal BRA"]
[Date "2014.10.26"]
[Round "11"]
[White "Costa, Paulo Sergio"]
[Black "Ferreira, Jose Carlos"]
[Result "1/2-1/2"]
[WhiteElo "1806"]
[BlackElo "1884"]
[EventDate "2014.10.18"]
[PlyCount "105"]

1.e4 c5 2.Nf3 e6 3.d4 cxd4 4.Nxd4 a6 5.Nc3 Qc7 6.Be2 Nf6 7.O-O Nc6 8.a3 b5
9.Nxc6 dxc6 10.Kh1 Bb7 11.f4 c5 12.e5 Rd8 13.Qe1 Ne4 14.Nxe4 Bxe4 15.Bxb5+
Bc6 16.Bxa6 Bxg2+ 17.Kxg2 Qc6+ 18.Rf3 Qxa6 19.Rg3 Qa8+ 20.Kg1 g6 21.Be3 
Be7 22.Rg2 O-O 23.Rd1 Qf3 24.Rxd8 Rxd8 25.Bd2 c4 26.h4 Qh5 27.Qe2 Bc5+ 28.
Kh1 Qxh4+ 29.Rh2 Qg3 30.Qg2 Qxf4 31.Qxg6+ fxg6 32.Bxf4 Rd1+ 33.Kg2 g5 34.
Bg3 g4 35.Rh4 h5 36.Rxh5 Rd2+ 37.Kf1 Rxc2 38.Rg5+ Kf7 39.Rxg4 Rxb2 40.Rxc4
Bxa3 41.Rg4 Bb4 42.Bf2 Bc3 43.Bg3 Rb4 44.Rxb4 Bxb4 45.Ke2 Kg6 46.Kd3 Kf5 
47.Kd4 Ba3 48.Ke3 Bb2 49.Bh2 Bxe5 50.Bg1 Bb8 51.Ke2 Bf4 52.Ba7 Ke4 53.Bb6 
1/2-1/2

[Event "24th Panam-ch"]
[Site "Natal BRA"]
[Date "2014.10.26"]
[Round "11"]
[White "De Freitas, Julio Eimard"]
[Black "Pereira Fo, Hildebrando Apolon"]
[Result "1/2-1/2"]
[WhiteElo "1872"]
[BlackElo "1803"]
[EventDate "2014.10.18"]
[PlyCount "55"]

1.d4 e6 2.c4 Nf6 3.Nc3 Be7 4.Nf3 b6 5.g3 Bb7 6.Bg2 d6 7.O-O Nbd7 8.Qc2 O-O
9.Rd1 a6 10.b3 c5 11.e3 Qc7 12.Bb2 cxd4 13.exd4 d5 14.Ne5 dxc4 15.Bxb7 
cxb3 16.Qxb3 Qxb7 17.Nxd7 Nxd7 18.d5 Nc5 19.Qc4 b5 20.Qg4 Bf6 21.Rab1 Rfd8
22.h4 exd5 23.h5 d4 24.Ne2 Ne6 25.h6 g6 26.Nxd4 Bxd4 27.Bxd4 Qe7 28.Qe4 
1/2-1/2

[Event "24th Panam-ch"]
[Site "Natal BRA"]
[Date "2014.10.26"]
[Round "11"]
[White "Macedo, Luiz Soares de"]
[Black "Lopes Silva, Luiz Eduardo"]
[Result "0-1"]
[WhiteElo "1649"]
[BlackElo "2003"]
[EventDate "2014.10.18"]
[PlyCount "52"]

1.e4 d6 2.Nf3 Nf6 3.Nc3 g6 4.d4 Bg7 5.Be2 O-O 6.O-O Nbd7 7.Bg5 c6 8.Re1 
Qc7 9.Qd2 e5 10.Rad1 b5 11.b4 a5 12.a3 axb4 13.axb4 Nb6 14.d5 cxd5 15.Bxf6
Bxf6 16.Nxb5 Qb8 17.exd5 Ba6 18.c4 Nxc4 19.Bxc4 Bxb5 20.Bb3 Qb6 21.Rc1 
Rfc8 22.Rc2 Bd7 23.Rec1 Rxc2 24.Bxc2 Ra2 25.Qe1 Rb2 26.Rb1 Rxc2 0-1

[Event "24th Panam-ch"]
[Site "Natal BRA"]
[Date "2014.10.26"]
[Round "11"]
[White "Farias, Sergio Luiz Cardoso"]
[Black "Born, Ary"]
[Result "1-0"]
[WhiteElo "1575"]
[BlackElo "1453"]
[EventDate "2014.10.18"]
[PlyCount "91"]

1.d4 Nf6 2.c4 g6 3.Nc3 Bg7 4.Nf3 O-O 5.e4 d6 6.Bd3 e5 7.dxe5 dxe5 8.Nxe5 
Na6 9.O-O Nc5 10.Bg5 h6 11.Be3 Qd6 12.Bxc5 Qxc5 13.Nf3 Ng4 14.h3 Ne5 15.
Nxe5 Qxe5 16.Qc2 Rd8 17.Rae1 Bf8 18.Nd5 c6 19.Ne3 Bc5 20.Kh1 Qh5 21.Kh2 b6
22.f4 Bd4 23.Rf3 Qa5 24.Qb1 Bxb2 25.Re2 Bg7 26.f5 gxf5 27.exf5 h5 28.Nf1 
Be5+ 29.Kh1 f6 30.Be4 Qa4 31.Bc2 Qa5 32.Bb3 Kg7 33.Qc1 h4 34.Nh2 Rd4 35.
Ng4 Rxg4 36.hxg4 c5 37.g5 h3 38.gxf6+ Kf7 39.Rxe5 hxg2+ 40.Kxg2 Bb7 41.
Re7+ Kxf6 42.Rxb7 Rg8+ 43.Kf2 Rd8 44.Qh6+ Ke5 45.Qe6+ Kd4 46.Qe3# 1-0

[Event "24th Panam-ch"]
[Site "Natal BRA"]
[Date "2014.10.26"]
[Round "11"]
[White "Sousa, Virginio Aleixo da Silva"]
[Black "Scardini, Leonardo"]
[Result "1-0"]
[WhiteElo "1499"]
[BlackElo "1522"]
[EventDate "2014.10.18"]
[PlyCount "71"]

1.d4 d5 2.c4 e6 3.Nf3 Nf6 4.Nc3 Nbd7 5.e3 Be7 6.cxd5 exd5 7.Bd3 O-O 8.O-O 
c6 9.Qc2 Qc7 10.h3 Re8 11.Bd2 b6 12.Rab1 h6 13.Ne2 Bb7 14.Ng3 g6 15.Bxg6 
fxg6 16.Qxg6+ Kh8 17.Qxh6+ Nh7 18.Nh5 Rg8 19.Ne5 Nxe5 20.dxe5 Bg5 21.Qd6 
Qxd6 22.exd6 Raf8 23.Bc3+ Bf6 24.Nxf6 Nxf6 25.e4 dxe4 26.Rbd1 Kg7 27.f3 c5
28.fxe4 Bxe4 29.d7 Rd8 30.Bxf6+ Kg6 31.Bxd8 Rxd8 32.Rfe1 Bc6 33.Re8 Rxe8 
34.d8=Q Rxd8 35.Rxd8 a5 36.Rd6+ 1-0